Statistiche per Paesi dell'Ex-Jugoslavia

Clicka qui per fare il quiz!

Statistiche generali

  • Questo quiz è stato fatto 182 volte
  • Il punteggio medio è 7 su 7

Statistiche sulle risposte

km²Risposta% Corretto
56.594Croazia
100%
88.361Serbia
99%
51.209Bosnia Erzegovina
96%
10.887Kosovo
96%
13.812Montenegro
96%
25.713Macedonia del Nord
95%
20 273Slovenia
95%

Distribuzione punteggi

Percentile per numero di risposta

Percentuale di utenti per punteggio

I tuoi punteggi nel tempo

Non hai fatto questo quiz